Nawabs, nudes,noodles : (Record no. 102176)

MARC details
000 -LEADER
fixed length control field 01015nam a22002417a 4500
005 - DATE AND TIME OF LATEST TRANSACTION
control field 20170731102824.0
010 ## - LCCN (DPL NO)
LC control number 1617EN ENG-117436
020 ## - INTERNATIONAL STANDARD BOOK NUMBER
International Standard Book Number 9789382616719
Terms of availability 599.00
035 ## - SYSTEM CONTROL NUMBER
System control number B-648844-851
035 ## - SYSTEM CONTROL NUMBER
System control number EN-100968
035 ## - SYSTEM CONTROL NUMBER
System control number B-667281
037 ## - SOURCE OF ACQUISITION
Stock number dpl
Source of stock number/acquisition Aakar
037 ## - SOURCE OF ACQUISITION
Source of stock number/acquisition DBAD/PUB
082 ## - DEWEY DECIMAL CLASSIFICATION NUMBER
Classification number 659.10954
100 ## - MAIN ENTRY--PERSONAL NAME
Personal name Parameswaran, Ambi
245 ## - TITLE STATEMENT
Title Nawabs, nudes,noodles :
Remainder of title India through 50 years of advertising /
Statement of responsibility, etc by Ambi Parameswaran
260 ## - PUBLICATION, DISTRIBUTION, ETC. (IMPRINT)
Place of publication, distribution, etc New Delhi
Name of publisher, distributor, etc Pan Macmillan
Date of publication, distribution, etc 2016
270 ## - ADDRESS
Address 707 Kailash Building ,26, K.G.Marg
City New Delhi
Postal code 110001
300 ## - PHYSICAL DESCRIPTION
Extent xv,301p.
Dimensions 22cm(hb}
Other physical details colour photos
942 ## - ADDED ENTRY ELEMENTS (KOHA)
Source of classification or shelving scheme Dewey Decimal Classification
Item type English Books
Classification part 659.10954
Call number suffix PAR
Holdings
Withdrawn status Lost status Not for loan Collection code Home library Current library Date acquired Source of acquisition Cost, normal purchase price Full call number Barcode Copy number Cost, replacement price Koha item type
      Non-fiction Ashok Vihar Ashok Vihar 31/07/2017 BPPD/EN/2016-17/AV/16-17/451/15.2.2017/I-3323/1.3.2017/ 17.3.2017 599.00 659.10954 PAR B-667281 1 599.00 English Books
      Non-fiction Bawana Bawana 27/02/2017 BPPD/EN/2016-17/285/24.11.16/I-2560/3.12.16/2.1.17 599.00 659.10954 PAR B-648850 1 599.00 English Books
      Non-fiction Central Library Central Library 27/02/2017 BPPD/EN/2016-17/285/24.11.16/I-2560/3.12.16/2.1.17 599.00 659.10954 PAR B-648844 1 599.00 English Books
      Non-fiction Karol Bagh Karol Bagh 27/02/2017 BPPD/EN/2016-17/285/24.11.16/I-2560/3.12.16/2.1.17 599.00 659.10954 PAR B-648848 1 599.00 English Books
      Non-fiction Narela Narela 27/02/2017 BPPD/EN/2016-17/285/24.11.16/I-2560/3.12.16/2.1.17 599.00 659.10954 PAR B-648849 1 599.00 English Books
      Non-fiction Patel Nagar Patel Nagar 27/02/2017 BPPD/EN/2016-17/285/24.11.16/I-2560/3.12.16/2.1.17 599.00 659.10954 PAR B-648845 1 599.00 English Books
      Non-fiction R.K.Puram-8 R.K.Puram-8 27/02/2017 BPPD/EN/2016-17/285/24.11.16/I-2560/3.12.16/2.1.17 599.00 659.10954 PAR B-648847 1 599.00 English Books
      Non-fiction Sarojini Nagar Sarojini Nagar 27/02/2017 BPPD/EN/2016-17/285/24.11.16/I-2560/3.12.16/2.1.17 599.00 659.10954 PAR B-648846 1 599.00 English Books
      Non-fiction Shahdara Branch Shahdara Branch 27/02/2017 BPPD/EN/2016-17/285/24.11.16/I-2560/3.12.16/2.1.17 599.00 659.10954 PAR B-648851 1 599.00 English Books
      Non-fiction Shahdara Branch Shahdara Branch 08/03/2017 DBAD/ PUB 599.00 659.10954 PAR EN-100968 1 599.00 English Books

© Delhi Public Library
Hit Counter
free hit counter